Cá dentro (Registo nº 71262)

Detalhes MARC
000 -Etiqueta do registo
campo de controlo de comprimento fixo 00972nam a2200301 4500
001 - Identificador do registo
Campo de controlo 71262
010 ## - ISBN
Número (ISBN) 9789897025709
021 ## - Nº depósito legal
Código do país Portugal
Número 472429/20
100 ## - Dados Gerais de Proc.
Dados gerais de processamento 20201021d2020 m y0pory50030103ba
101 0# - Língua da publicação
Língua do texto, banda sonora, etc. Português
102 ## - País de Publicação
País de publicação Portugal
105 ## - Dados Codif. Livros
Dados codificados dos livros a z 000yy
106 ## - Atributos Físicos
Dados codificados do material textual r
200 1# - Título
Título próprio Cá dentro
Informação de outro título o lugar da escola nos nossos miúdos
Primeira menção de responsabilidade Rui Correia
Outras menções de responsabilidade pref. Álvaro Laborinho Lúcio
210 #9 - Publicação, Distribuição
Lugar da edição, distribuição, etc. Lisboa
Nome do editor, distribuidor, etc. Guerra & Paz
Data da publicação, distribuição, etc. 2020
215 ## - Descrição física
Descrição física 157, [3] p.
Outras indicações físicas il.
675 ## - CDU
Notação 371.2
Edição BN
Língua da edição Português
675 ## - CDU
Notação 37.01/.02
Edição BN
Língua da edição Português
700 ## - Responsabilidade principal
Koha Internal Code 15278
Palavra de ordem Correia
Outra parte do nome Rui
702 #1 - Responsabilidade secundária
Koha Internal Code 28730
Palavra de ordem Lúcio
Outra parte do nome Laborinho
Datas 1941-2025
Código de função Prefaciador
801 #0 - Fonte de origem
País Portugal
Agência BN
Regras de catalogação RPC
090 ## - Números de controlo do sistema (Koha)
Número biblioitem do Koha (gerado automaticamente) 71262
942 ## - Elementos de entrada adicionados (Koha)
Suprimido Disponível no OPAC
Tipo de item no Koha Monografias
Exemplares
Removido (estado) Perdido (estado) Data de aquisição Origem do registo (biblioteca) (codificado) Código da organização que empresta ou é detentora (biblioteca) Código de barras Local Número de inventário Cota Tipo de circulação (não pode ser emprestado) Preço Tipo de item e material
Disponível Disponível 2024-03-27 Biblioteca Municipal Álvaro de Campos Biblioteca Municipal Álvaro de Campos BMTAV70925 Sala de Adultos 70925 FA1 COR Normal 14.00 Monografias